|
|
|
|
| LEADER |
01114cam a2200289 a 4500 |
| 008 |
111206s2011 ii af d 000 0 eng d |
| 010 |
|
|
|a 2012323743
|
| 020 |
|
|
|a 9788189798963
|
| 020 |
|
|
|a 8189798960
|
| 025 |
|
|
|a I-E-2012-323743; 44-92
|
| 035 |
|
|
|a (OCoLC)ocn775241313
|
| 035 |
|
|
|a (OCoLC)775241313
|
| 042 |
|
|
|a lccopycat
|a lcode
|
| 082 |
0 |
4 |
|a 615.53803
|2 23
|
| 100 |
1 |
|
|a Lochan, Kanjiv.
|
| 245 |
1 |
0 |
|a Encyclopedic dictionary of ayurveda /
|c by Kanjiv Lochan, Parameswarappa S. Byadgi.
|
| 250 |
|
|
|a Ed. 1st.
|
| 260 |
|
|
|a New Delhi :
|b Chaukhambha Publications,
|c 2011.
|
| 300 |
|
|
|a 4, 988 p., xxviii p. of plates :
|b ill. (chiefly col.) ;
|c 29 cm.
|
| 490 |
0 |
|
|a The Mohandas indological series ;
|v 36
|
| 650 |
|
0 |
|a Medicine, Ayurvedic
|v Dictionaries.
|
| 700 |
1 |
|
|a Byadgi, P. S.
|
| 942 |
|
|
|2 ddc
|c REF
|
| 906 |
|
|
|a 7
|b cbc
|c copycat
|d 3
|e ncip
|f 20
|g y-gencatlg
|
| 955 |
|
|
|b wd44 2012-03-26
|c wd39 2012-09-29 to ASME
|
| 999 |
|
|
|c 248971
|d 248971
|
| 952 |
|
|
|0 0
|1 0
|4 0
|6 615_000000000000000_53803_LOC_E
|7 0
|9 276518
|a SAN
|b SAN
|c ref 5-7
|d 2015-03-09
|g 2995.00
|i 10979
|l 0
|o 615.53803, LOC/E
|p SAN10979
|r 2015-03-09
|w 2015-03-09
|y REF
|